| 000 | 00425nam a2200181Ia 4500 | ||
|---|---|---|---|
| 003 | GCL | ||
| 040 |
_aGCL / _cGCL |
||
| 082 | 0 | 4 |
_a492.9 _bD S |
| 100 | 1 | _aDIEM, WERNER | |
| 245 | 1 | 0 |
_aSKIZZEN JEMENITISCHER DIALEKTE / _cDIEM, WERNER |
| 260 |
_a[S.N] : _bORIENT INSTITUT DMG ، _c1973 |
||
| 300 | _a166 PP | ||
| 650 | 0 | 4 | _aYEMEN |
| 650 | 0 | 4 | _aARABIC DIALECT |
| 650 | 0 | 4 | _aSOKOTRI |
| 650 | 0 | 4 | _aLANGUAGES |
| 942 |
_2ddc _cBK |
||
| 999 |
_c19111 _d19111 |
||